000 00305nam a2200133Ia 4500
008 150201s2010 xx 000 0 und d
082 _a610
_bM10P
100 _aPANDA,UN
245 _aHB OF MEDICINES
250 _a2ND
260 _bAITBS
_aDELHI
_c2010
650 _aMEDICINE AND DIAGNOSIS
942 _2ddc
_cBK
999 _c736
_d736